000 00839nac a22002537a 4500
001 BR6004405
003 BR-BrBNA
005 20240105113111.0
008 230509b bl.|||m| |||| 00| 0 por d
040 _aBR-BrBNA
_bpor
_cBiblioteca Nacional de Agricultura
072 _aE30; C00
090 _aE30 BR6004405
110 1 _aAssociacao de Credito e Assistencia Rural do Estado do Para, Belem (Brasil)
_9493
245 1 _aPlano anual de trabalho 1972
260 3 _aBelem, PA (Brasil):
_c1972.
300 _a40 p.
490 _aPlano Anual de Trabalho - Associacao de Credito e Assistencia Rural do Estado do Para (Brazil)
_v
_x
650 _aProjeto de desenvolvimento
650 _aExtensao rural
650 _aDesenvolvimento rural
650 _aPara
909 _a202312
_bLúcia Elande
_c55
_dLúcia Elande
942 _2AGRIS
_n0
_cMS
999 _c261884
_d261884